000 01054naa a22002897a 4500
001 BR7800792
003 BR-BrBNA
005 20240918174048.0
007 ta
008 230509b bl.||||| |||| 00| 0 por d
040 _aBR-BrBNA
_bpor
_cBiblioteca Nacional de Agricultura
041 _aPt)
072 _aH10; L74; F70
_b1930
_b5212
_b4020
090 _aH10 BR7800792
100 1 _aSantos Filho, L.F.
111 1 _aSimposio sobre Brachiaria e outras Forrageiras
_cSalvador, BA (Brazil)
_d23 Mar 1977
245 1 _aBrachiaria, fotossensibilizacao e outros problemas [Bovino; Graminea]
260 3 _aSalvador, BA (Brasil):
_c1977.
500 _aSimposio sobre a brachiaria e outras forrageiras Salvador, BA (Brasil): 1977. p. 11-16 (BR7800792-AM)H10
650 _aCapim brachiaria
650 _aBovino
650 _aPercevejo
650 _aFotossensibilidade
773 0 _tSimposio sobre a brachiaria e outras forrageiras
_wH10 BR7800792
_gSalvador, BA (Brasil), 1977. p. 11-16
909 _a202404
_bLucia
_c55
_dLucia Elande
942 _cAM
_2AGRIS
999 _c308669
_d308669